| 000 | 00000nam##2200000za#4500 |
| 001 | 9.648455 |
| 003 | CaOODSP |
| 005 | 20210615113113 |
| 007 | ta |
| 008 | 150407|2002||||xxc||||| f|0| 0 eng|d |
| 020 | |a0-662-31604-5 |
| 040 | |aCaOODSP|beng |
| 043 | |an-cn--- |
| 086 | 1 |aH39-600/2002E |
| 110 | 1 |aCanada.|bHealth Canada. |bPopulation and Public Health Branch. |
| 245 | 14|aThe Osaka Declaration : |bhealth, economics and political action: stemming the global tide of cardiovascular disease |
| 260 | |aOttawa - Ontario : |bHealth Canada. |c2002. |
| 300 | |a42p. : |bcoloured illus., graphs, references, tables ; |c28 cm. |
| 563 | |aSoftcover |
| 590 | |a02-20|b2002-05-17 |
| 690 | 07|aCardiovascular diseases|2gcpds |
| 690 | 07|aConferences|2gcpds |
| 690 | 07|aEpidemiology|2gcpds |
| 690 | 07|aPrevention|2gcpds |
| 775 | 08|tDéclaration d'Osaka : |w(CaOODSP)9.681747 |